La Commensale: Roman

Guardado en:
Bibliografiske detaljer
Hovedforfatter: Bessette, Gérard
Format: Bog
Sprog:French
Udgivet: Montreal, Canadá Quinze 1975
Fag:
Tags: Tilføj Tag
Ingen Tags, Vær først til at tagge denne postø!

MARC

LEADER 00000nam a2200000Ia 4500
008 170316s9999 xx 000 0 fre d
040 |a cru BVZT 
090 |a 818 B-8c 
100 |a Bessette, Gérard 
245 |a La Commensale: Roman 
260 |a Montreal, Canadá 
260 |b Quinze 
260 |c 1975 
300 |a 156 páginas 
650 |a LITERATURA CANADIENSE 
942 |c 15 D 
999 |c 6368  |d 6368